MARC

LEADER 00000nam0a2200000 4500
001 230961
005 20231101231036.0
010 |a 528300547Х 
035 |a (RuTPU)RU\TPU\book\251976 
090 |a 230961 
100 |a 20130128d1990 km y0rusy50 ca 
101 0 |a rus 
102 |a RU 
105 |a a z 001zy 
200 1 |a Электрическое освещение общепромышленных помещений  |f Ю. Б. Оболенцев, Э. Л. Гиндин 
210 |a Москва  |c Энергоатомиздат  |d 1990 
215 |a 112 с.  |c ил. 
225 1 |a Библиотека светотехника  |v Вып. 20 
320 |a Библиогр.: с. 110. 
606 |a Промышленные здания  |x Освещение  |2 stltpush  |3 (RuTPU)RU\TPU\subj\52491  |9 70903 
610 1 |a светильники 
610 1 |a электрические провода 
610 1 |a электроустановочные устройства 
610 1 |a ответвительные коробки 
610 1 |a выбор 
610 1 |a проектирование 
610 1 |a монтаж 
675 |a 628.97  |v 3 
700 1 |a Оболенцев  |b Ю. Б.  |g Юрий Борисович 
701 1 |a Гиндин  |b Э. Л.  |g Эдуард Львович 
801 1 |a RU  |b 63413507  |c 20130128 
801 2 |a RU  |b 63413507  |c 20130312  |g RCR 
942 |c BK